KOHA-Header-6

Economics MCQs For O' Levels (Record no. 10021)

000 -LEADER
fixed length control field 00257nam a2200109Ia 4500
100 ## - MAIN ENTRY--AUTHOR NAME
Personal name Abdul waris
245 #0 - TITLE STATEMENT
Title Economics MCQs For O' Levels
260 ## - PUBLICATION, DISTRIBUTION, ETC. (IMPRINT)
Place of publication India
Name of publisher Oxford
Year of publication 2004
300 ## - PHYSICAL DESCRIPTION
Number of Pages 156
942 ## - ADDED ENTRY ELEMENTS (KOHA)
Koha item type Books
Holdings
Withdrawn status Lost status Collection code Permanent Location Current Location Shelving location Date acquired Full call number Accession Number Koha item type
    Economics MAJU MAJU Shelf No.A47 2019-09-14 330.2 6101 Economics

Powered by Koha